[Event "TCh-FRA Top 16 Basse 2025"]
[Site "Belfort FRA"]
[Date "2025.06.01"]
[Round "4.8"]
[White "Broly, Mathilde"]
[Black "Andriasyan, Siranush"]
[Result "1/2-1/2"]
[WhiteTitle "WFM"]
[BlackTitle "WIM"]
[WhiteElo "2077"]
[BlackElo "2192"]
[WhiteTeam "Clichy Echecs 92"]
[BlackTeam "Metz Fischer"]
[WhiteFideId "20682794"]
[BlackFideId "13301926"]
[EventDate "2025.05.29"]
[EventType "team"]

1. c4 e5 2. Nc3 Nc6 3. g3 f5 4. Bg2 Nf6 5. d3 Bb4 6. Bd2 O-O 7. a3 Bxc3 8. Bxc3
d6 9. e3 Qe8 10. Qe2 a5 11. b3 Ng4 12. f3 Nf6 13. Nh3 Qh5 14. Nf2 Bd7 15. e4
fxe4 16. dxe4 h6 17. O-O Nh7 18. Qe3 Ng5 19. Nd3 Ne6 20. Rf2 Ncd4 21. Rb1 c5 22.
f4 b6 23. f5 Ng5 24. h4 Nh7 25. Bxd4 cxd4 26. Qf3 Qxf3 27. Bxf3 Nf6 28. g4 g5
29. Rh2 Kg7 30. Kg2 Bc6 31. Nf2 Rh8 32. a4 Nd7 33. h5 Nc5 34. Rhh1 Kf6 35. Rhe1
Rhc8 36. Bd1 Na6 37. Nd3 1/2-1/2

[Event "TCh-FRA Top 16 Basse 2025"]
[Site "Belfort FRA"]
[Date "2025.06.01"]
[Round "4.1"]
[White "Bassini, Emile"]
[Black "Anton Guijarro, David"]
[Result "0-1"]
[WhiteTitle "FM"]
[BlackTitle "GM"]
[WhiteElo "2391"]
[BlackElo "2642"]
[WhiteTeam "Bois-Colombes"]
[BlackTeam "Chalons-En-Champagne"]
[WhiteFideId "26084074"]
[BlackFideId "2285525"]
[EventDate "2025.05.29"]
[EventType "team"]

1. e4 c6 2. d4 d5 3. Nd2 dxe4 4. Nxe4 Nf6 5. Nxf6+ exf6 6. Be3 Bd6 7. Bd3 Na6 8.
a3 Bf5 9. Ne2 O-O 10. O-O Bg6 11. Qd2 Re8 12. Rfe1 Nc7 13. Nf4 Be4 14. f3 Bxd3
15. Nxd3 Ne6 16. Re2 Bc7 17. c3 Qd6 18. g3 Qd5 19. Kg2 a5 20. Rae1 g5 21. Nf2 b5
22. Qc2 h5 23. Ne4 Kg7 24. b3 g4 25. Kg1 gxf3 26. Bh6+ Kg6 27. Nd6+ f5 28. Nxe8
Rxe8 29. Re5 Bxe5 30. Rxe5 Nxd4 31. Rxd5 Nxc2 32. Rd6+ Re6 33. Bf8 Rxd6 34. Bxd6
Na1 35. c4 Nxb3 36. cxb5 cxb5 37. Kf2 Nd2 38. Bf8 f6 39. Be7 Kf7 40. Bd8 Nc4 41.
Kxf3 a4 42. Ke2 b4 0-1

[Event "TCh-FRA Top 16 Basse 2025"]
[Site "Belfort FRA"]
[Date "2025.06.01"]
[Round "4.2"]
[White "Grandelius, Nils"]
[Black "Dionisi, Thomas"]
[Result "0-1"]
[WhiteTitle "GM"]
[BlackTitle "IM"]
[WhiteElo "2637"]
[BlackElo "2410"]
[WhiteTeam "Chalons-En-Champagne"]
[BlackTeam "Bois-Colombes"]
[WhiteFideId "1710400"]
[BlackFideId "651893"]
[EventDate "2025.05.29"]
[EventType "team"]

1. e4 e5 2. Nf3 Nc6 3. Bb5 a6 4. Ba4 d6 5. c4 Bg4 6. h3 Bxf3 7. Qxf3 Be7 8. O-O
Nf6 9. d3 O-O 10. Be3 Nd7 11. Qg3 Nd4 12. Bxd4 exd4 13. Bxd7 Qxd7 14. Nd2 b5 15.
Qg4 Qe6 16. g3 Rab8 17. Rfc1 c5 18. Rc2 f5 19. exf5 Rxf5 20. b3 h5 21. Qe4 Re5
22. Qg2 Re2 23. Rac1 Bg5 24. Ne4 Rxe4 25. Qxe4 Qxe4 26. dxe4 d3 27. f4 dxc2 28.
fxg5 bxc4 29. Rxc2 cxb3 30. axb3 Rxb3 31. Rd2 Rb6 32. g6 c4 33. Rc2 Rc6 34. Kf2
c3 35. Ke3 Kf8 36. Kd4 Ke7 37. h4 Ke6 38. g4 hxg4 39. h5 Rc5 40. Ke3 Ke5 41. Ke2 0-1

[Event "TCh-FRA Top 16 Basse 2025"]
[Site "Belfort FRA"]
[Date "2025.06.01"]
[Round "4.3"]
[White "De Balmann, Marc"]
[Black "Korobov, Anton"]
[Result "1/2-1/2"]
[BlackTitle "GM"]
[WhiteElo "2178"]
[BlackElo "2631"]
[WhiteTeam "Bois-Colombes"]
[BlackTeam "Chalons-En-Champagne"]
[WhiteFideId "26041383"]
[BlackFideId "14105730"]
[EventDate "2025.05.29"]
[EventType "team"]

1. Nf3 d5 2. g3 Nd7 3. d4 b5 4. Bg2 Ngf6 5. O-O e6 6. Nbd2 Be7 7. a4 b4 8. c4
bxc3 9. bxc3 O-O 10. c4 c6 11. Re1 Ba6 12. Ba3 Bxa3 13. Rxa3 Rb8 14. Qc2 Qa5 15.
Qc3 Qxc3 16. Rxc3 Rb4 17. cxd5 cxd5 18. Rc7 Rxa4 19. Rxa7 Bb5 1/2-1/2

[Event "TCh-FRA Top 16 Basse 2025"]
[Site "Belfort FRA"]
[Date "2025.06.01"]
[Round "4.4"]
[White "Velten, Paul"]
[Black "Robert, Mathias"]
[Result "1-0"]
[WhiteTitle "GM"]
[WhiteElo "2542"]
[BlackElo "2265"]
[WhiteTeam "Chalons-En-Champagne"]
[BlackTeam "Bois-Colombes"]
[WhiteFideId "681091"]
[BlackFideId "26066769"]
[EventDate "2025.05.29"]
[EventType "team"]

1. d4 g6 2. c4 Bg7 3. e4 d6 4. Nc3 Nf6 5. Be2 O-O 6. Be3 Nc6 7. d5 Ne5 8. Nf3
Nxf3+ 9. Bxf3 e6 10. Rc1 Re8 11. O-O a6 12. h3 exd5 13. cxd5 Nd7 14. Re1 Ne5 15.
Be2 f5 16. Bf1 fxe4 17. Nxe4 h6 18. f4 Nf7 19. Bd4 Bf5 20. Bxg7 Rxe4 21. Rxe4
Bxe4 22. Bc3 Qb8 23. Kh1 Qa7 24. Bd4 b6 25. Bd3 Bxd5 26. Qg4 c5 27. Qxg6+ Kf8
28. Bf6 Nd8 29. Bxd8 Qf7 30. Qxh6+ Ke8 31. Bg6 1-0

[Event "TCh-FRA Top 16 Basse 2025"]
[Site "Belfort FRA"]
[Date "2025.06.01"]
[Round "4.5"]
[White "Samoun, Florent"]
[Black "David, Alberto"]
[Result "0-1"]
[WhiteTitle "FM"]
[BlackTitle "GM"]
[WhiteElo "2261"]
[BlackElo "2481"]
[WhiteTeam "Bois-Colombes"]
[BlackTeam "Chalons-En-Champagne"]
[WhiteFideId "664995"]
[BlackFideId "4000013"]
[EventDate "2025.05.29"]
[EventType "team"]

1. e4 c5 2. Nf3 d6 3. d4 cxd4 4. Qxd4 Nf6 5. Bb5+ Bd7 6. Bxd7+ Nbxd7 7. Nc3 g6
8. Be3 Bg7 9. h3 O-O 10. Qb4 Qc7 11. O-O Rfc8 12. Rfd1 Qc6 13. a4 a5 14. Qb5
Qxb5 15. axb5 Rxc3 16. bxc3 Nxe4 17. Bd4 Nxc3 18. Re1 e6 19. Bxg7 Kxg7 20. Re3
Nd5 21. Rea3 Rc8 22. Rxa5 Rxc2 23. Nd4 Rd2 24. Nf3 Rb2 25. Ne1 Nc5 26. R1a2 Rb4
27. Nc2 Rb1+ 28. Kh2 Nc3 29. Na3 Rb3 30. Rc2 b6 31. Ra8 d5 32. f3 N5a4 33. Ra2
Nxa2 34. Rxa4 Nc3 35. Ra6 g5 36. Nc2 Rxb5 37. Nd4 Rb2 38. Nc6 Ne2 39. Ra7 Nf4
40. Nd8 Rxg2+ 41. Kh1 Rg3 42. Nxf7 Kf6 0-1

[Event "TCh-FRA Top 16 Basse 2025"]
[Site "Belfort FRA"]
[Date "2025.06.01"]
[Round "4.6"]
[White "Sebag, Marie"]
[Black "Guerlach, Keigo"]
[Result "1/2-1/2"]
[WhiteTitle "GM"]
[WhiteElo "2448"]
[BlackElo "2148"]
[WhiteTeam "Chalons-En-Champagne"]
[BlackTeam "Bois-Colombes"]
[WhiteFideId "617822"]
[BlackFideId "20665865"]
[EventDate "2025.05.29"]
[EventType "team"]

1. e4 e5 2. Nf3 Nf6 3. Nxe5 d6 4. Nf3 Nxe4 5. Qe2 Qe7 6. d3 Nf6 7. Bg5 Qxe2+ 8.
Bxe2 Be7 9. O-O O-O 10. Re1 h6 11. Bh4 Nc6 12. c3 Nd5 13. Bxe7 1/2-1/2

[Event "TCh-FRA Top 16 Basse 2025"]
[Site "Belfort FRA"]
[Date "2025.06.01"]
[Round "4.7"]
[White "Arzur, Maia"]
[Black "Lucas, Arthur"]
[Result "1/2-1/2"]
[WhiteTitle "WFM"]
[BlackTitle "IM"]
[WhiteElo "2141"]
[BlackElo "2328"]
[WhiteTeam "Bois-Colombes"]
[BlackTeam "Chalons-En-Champagne"]
[WhiteFideId "45161127"]
[BlackFideId "26093073"]
[EventDate "2025.05.29"]
[EventType "team"]

1. e4 c5 2. Nf3 Nc6 3. d4 cxd4 4. Nxd4 Nf6 5. Nc3 d6 6. Bc4 Bd7 7. Bb3 a6 8. O-O
e6 9. Re1 Be7 10. Be3 O-O 11. f4 Na5 12. Qf3 Qc7 13. Rad1 b5 14. g4 Nxb3 15.
cxb3 b4 16. Nce2 d5 17. e5 Ne4 18. Ng3 Nxg3 19. Qxg3 f6 20. f5 fxe5 21. fxe6 Bd6
22. exd7 exd4 23. Qg2 Kh8 24. Rxd4 Bc5 25. Qxd5 Bxd4 26. Bxd4 Qd8 27. g5 Rb8 28.
Bxg7+ Kxg7 29. Qe5+ Kg8 30. Qe6+ Kg7 31. Qe5+ Kg8 1/2-1/2

[Event "TCh-FRA Top 16 Basse 2025"]
[Site "Belfort FRA"]
[Date "2025.06.01"]
[Round "4.8"]
[White "Bournel, Antoine"]
[Black "Makke, Laurent"]
[Result "1-0"]
[WhiteTitle "IM"]
[WhiteElo "2423"]
[BlackElo "2119"]
[WhiteTeam "Chalons-En-Champagne"]
[BlackTeam "Bois-Colombes"]
[WhiteFideId "26093553"]
[BlackFideId "624314"]
[EventDate "2025.05.29"]
[EventType "team"]

1. d4 Nf6 2. c4 g6 3. Nc3 Bg7 4. e4 d6 5. Nf3 O-O 6. Be2 c5 7. O-O cxd4 8. Nxd4
Nc6 9. Be3 a5 10. Ndb5 Nd7 11. Qd2 Nde5 12. Nd5 Be6 13. Rac1 Nd7 14. Ndc7 Rc8
15. Nxe6 fxe6 16. Bg4 Rf6 17. Bg5 Qf8 18. f4 Nc5 19. Bxf6 Qxf6 20. e5 dxe5 21.
fxe5 Qh4 22. Bxe6+ Nxe6 23. Qd7 Bxe5 24. Qxe6+ Kg7 25. g3 Bxg3 26. Rf7+ Kh6 27.
Qe3+ 1-0